| 000 | 00882cam a2200193 4500 | ||
|---|---|---|---|
| 001 | ABS60797 | ||
| 008 | 000000n1999 000 0 eng u | ||
| 035 | _a(Sirsi) u101292 | ||
| 100 | _aRodgers, C. | ||
| 245 | _aFair rents and the market: judicial attitudes to rent control legislation. | ||
| 260 | _c1999 | ||
| 490 |
_aConveyancer and Property Lawyer _v(63) May/June 1999, 201-231(16) |
||
| 520 | _aExamines recent case law in an attempt to assess the attitudes of the courts to fair rents. Suggests that recent cases such as "Curtis v London Rent Assessment Committee" equate a 'fair' rent to a market rent and that this conflicts with the intentions of the original Rent legislation. | ||
| 650 | _aHOUSING | ||
| 650 | _aRESIDENTIAL | ||
| 650 | _aFAIR RENTS | ||
| 690 | _aPROPERTY-RESIDENTIAL PROPERTY-RESIDENTIAL LANDLORD AND TENANT-RESIDENTIAL TENANCIES | ||
| 942 | _n0 | ||
| 999 |
_c60443 _d60443 |
||